Le piccole vacanze /

Gespeichert in:
Bibliographische Detailangaben
1. Verfasser: Arbasino, Alberto (Verfasst von)
Format: Buch
Sprache:Italienisch
Veröffentlicht: Milano : Adelphi, 2007
Schriftenreihe:Gli Adelphi ; 308
Tags: Tag hinzufügen
Keine Tags, Fügen Sie das erste Tag hinzu!

MARC

LEADER 00000nam a22000007i 4500
001 IT\ICCU\UBO\3219139
003 ItRI
005 20250223170736.0
008 070607s2007 it |||||| |||||1|||||c
020 |a 9788845921827 
040 |b ita  |c ARCIGAY RIMINI 
041 7 |a ita  |2 ISO-639-2 
082 |a 853.914  |2 21 
100 1 |a Arbasino, Alberto  |0 IT\ICCU\CFIV\060368  |4 aut 
240 1 3 |a Le piccole vacanze  |9 Arbasino, Alberto 
245 1 3 |a Le piccole vacanze /  |c Alberto Arbasino. 
260 |a Milano :  |b Adelphi,  |c 2007 
300 |a 245 p. ;  |c 20 cm 
830 4 |a Gli Adelphi ;  |v 308  |0 IT\ICCU\RMS\2621144 
942 |2 ddc  |c BK 
952 |0 0  |1 0  |2 ddc  |4 0  |6 853_914000000000000_ARB_PIC  |7 1  |9 3425  |a RN  |b RN  |d 2025-02-23  |l 0  |o 853.914 ARB PIC  |p 10684  |r 2025-02-23 17:08:20  |w 2025-02-23  |x Donazione di Giovanni Rimondini  |y BK  |z Donazione di Giovanni Rimondini 
981 1 |6 z01  |a i   |b xxxe  
982 1 |6 z01  |a n 
999 |c 2715  |d 2715